| 000 | 00351nam a22001217a 4500 | ||
|---|---|---|---|
| 082 | _a200 THE | ||
| 100 |
_aIftikhar Ali _915519 |
||
| 245 | _aTH-SOF-1085-Sampled Data Control of DC-DC Buck Converter | ||
| 260 |
_aISLAMABAD _bNUST COLLEGE OF EME _c2014 |
||
| 650 | _aMS-ELECT-71 MSTHESIS | ||
| 700 | _aSUPERVISOR Dr. Fahad Mumtaz Malik | ||
| 942 | _cCF | ||
| 999 |
_c577526 _d577526 |
||